Production of particleboard and flakeboard from rubberwood( Hevea brasiliensis) Muell. Arg (Record no. 47882)

MARC details
000 -LEADER
fixed length control field 00410nam a2200145Ia 4500
100 ## - MAIN ENTRY--AUTHOR NAME
Personal name Okino E Y A
245 #0 - TITLE STATEMENT
Title Production of particleboard and flakeboard from rubberwood( Hevea brasiliensis) Muell. Arg
260 ## - PUBLICATION, DISTRIBUTION, ETC. (IMPRINT)
Name of publisher Revista Arvore
Year of publication 2000
300 ## - PHYSICAL DESCRIPTION
Number of Pages 341-347
500 ## - GENERAL NOTE
General note CAB CD 2001
700 ## - ADDED ENTRY--PERSONAL NAME
Personal name de Sousa M R
700 ## - ADDED ENTRY--PERSONAL NAME
Personal name Santana M A E
942 ## - ADDED ENTRY ELEMENTS (KOHA)
Koha item type Bibliography RLWO
Holdings
Withdrawn status Lost status Damaged status Not for loan Home library Current library Date acquired Serial Enumeration / chronology Koha item type
      Bibliography RRII Library RRII Library 31/12/2021 Volume 24, Issue 3 Bibliography RLWO